| 000 | 01508nam a2200457 i 4500 | ||
|---|---|---|---|
| 001 | 30675 | ||
| 003 | KOSZ 005 | ||
| 005 | 20220323113533.0 | ||
| 008 | 980702s1995 pl a f |000 0 pol | ||
| 015 | _aUWD 1996/8868 | ||
| 020 | _a838636369X | ||
| 035 | _a991004159939705066 | ||
| 035 | _a(PL-WaBN)b11103681-48omnis_nlop | ||
| 035 | _ab11103681 | ||
| 035 | _a(OCoLC)749844663 | ||
| 035 | _a(PL)b0000001110368 | ||
| 035 | _a(EXLNZ-48OMNIS_NETWORK)9910117029605606 | ||
| 040 |
_aWA N _cWA N _dKOSZ 005/EG |
||
| 080 | _a582.6/.9 | ||
| 080 | _a582.2/.3 | ||
| 100 | 1 |
_aMądrzak, Cezary J. _eAutor |
|
| 245 | 1 | 0 |
_aMolekularne mechanizmy symbiozy Rhizobiaceae z roślinami motylkowatymi / _cCezary Jerzy Mądrzak. |
| 260 |
_aPoznań : _bWydaw. Akademii Rolniczej, _c1995. |
||
| 300 |
_a232 s. : _brys., wykr. ; _c24 cm. |
||
| 336 |
_aTekst _btxt _2rdacontent |
||
| 337 |
_aBez urządzenia pośredniczącego _bn _2rdamedia |
||
| 338 |
_aWolumin _bnc _2rdacarrier |
||
| 380 | _aKsiążki | ||
| 388 | _a1901-2000 | ||
| 388 | _a1989-2000 | ||
| 504 | _aBibliogr. s. 203-232. | ||
| 650 | 7 |
_aBakterie brodawkowe _2DBN |
|
| 650 | 7 |
_aBiochemia _2DBN |
|
| 650 | 7 |
_aMotylkowe _2DBN |
|
| 650 | 7 |
_aSymbioza _2DBN |
|
| 658 | _aBiologia | ||
| 710 | 2 |
_aWydawnictwo Akademii Rolniczej (Poznań) _4pbl |
|
| 856 |
_uhttp://koha.tu.koszalin.pl/cgi-bin/koha/opac-detail.pl?biblionumber=30675 _yKatalog online BPK |
||
| 942 |
_2UKD _cKS |
||
| 999 |
_c30675 _d30675 |
||